000 nam a22 7a 4500
999 _c7727
_d7727
008 171005b xxu||||| |||| 00| 0 eng d
020 _a9789350296837
100 _aAkbar M J
_94211
245 _aA Mirror to Power
260 _aUSA
_bHarper Collins Publication
_c2015